Human neuropsychology
Αποθηκεύτηκε σε:
| Κύριος συγγραφέας: | |
|---|---|
| Μορφή: | Βιβλίο |
| Γλώσσα: | English |
| Δημοσίευση: |
New York :
W.H.Freeman,
1980
|
| Έκδοση: | 2nd ed. |
| Θέματα: | |
| Ετικέτες: |
Προσθήκη ετικέτας
Δεν υπάρχουν, Καταχωρήστε ετικέτα πρώτοι!
|
MARC
| LEADER | 00000nam a2200000 i 4500 | ||
|---|---|---|---|
| 001 | 1/74246 | ||
| 008 | 960725s1980 eng d | ||
| 020 | |a 0-7167-1672-0 | ||
| 035 | |a 1986 |c Αγορά |l 10031748 | ||
| 040 | |a GR-MY-UA |b gre |e aacr | ||
| 041 | 0 | |a eng | |
| 082 | 0 | |a 616.8 | |
| 100 | 1 | |a Kolb, Bryan |d 1947- | |
| 245 | 1 | 0 | |a Human neuropsychology / |c Bryan Kolb, Ian Q.Whishaw |
| 250 | |a 2nd ed. | ||
| 260 | |a New York : |b W.H.Freeman, |c 1980 | ||
| 300 | |a 785 p. | ||
| 650 | 0 | 0 | |a Neuropsychology. |
| 650 | 0 | 0 | |a Aphasia. |
| 650 | 0 | 0 | |a Psychophysiology. |
| 852 | |a INST |b RHODES |e 19960725 |h 616.8 KOL |p 005400001424 |q 005400001424 |t BK |y 0 | ||
| 909 | |a Ρ |b 004908 |c 1986 | ||